000 00449nem a2200157 i 4500
001 97197
003 ES-MaACL
005 20230906182046.0
007 a
008 050707s1953 sp b | |0| ||spa d
245 0 0 _aMapa de España [
_hMaterial cartográfico]
_b: escala 1:1.500.000.
260 _aBarcelona :
_bBosch,
_c[1953?]
300 _a4 h. :
_b5 mapas col. pleg. ;
_c19 cm.
651 4 _aEspaña-
_vMapas.
_9138074
852 _aES-MaACL
_jC-6256
999 _c97197
_d97197